书目信息 |
| 题名: |
遗传与育种
|
|
| 作者: | 方宗熙 , 江乃萼 编 | |
| 分册: | ||
| 出版信息: | 北京 科学出版社 1979 |
|
| 页数: | 240页 | |
| 开本: | 19cm | |
| 丛书名: | ||
| 单 册: | ||
| 中图分类: | Q311 | |
| 科图分类: | ||
| 主题词: | 植物学:遗传学 , 植物育种 , 遗传学:植物学 | |
| 电子资源: | ||
| ISBN: | ||
| 000 | 00648nam0 2200253 45 | |
| 001 | 0179001925 | |
| 005 | 20060801084731.03 | |
| 010 | @dCNY0.63 | |
| 091 | @a13031.1011 | |
| 100 | @a19950727d1979 em y0chiy0121 ea | |
| 101 | 0 | @achi |
| 102 | @aCN@b110000 | |
| 105 | @ay z 000yy | |
| 200 | 10 | @a遗传与育种@Ayi chuan yu yu zhong@f方宗熙,江乃萼编 |
| 210 | @a北京@c科学出版社@d1979 | |
| 215 | @a240页@d19cm | |
| 606 | @a植物学:遗传学 | |
| 606 | @a植物育种 | |
| 606 | @a遗传学:植物学 | |
| 690 | @aQ311 | |
| 701 | 0 | @a方宗熙@Afang zong xi@4编 |
| 701 | 0 | @a江乃萼@Ajiang nai e@4编 |
| 801 | 0 | @aCN@bNLC@c20060801 |
| 905 | @f1@b10509@dQ311@e3 | |
| 遗传与育种/方宗熙,江乃萼编.-北京:科学出版社,1979 |
| 240页;19cm |
| ISBN :CNY0.63 |
| ● |
| 相关链接 |
|
|
|
|
正题名:遗传与育种
索取号:Q311/3
 
预约/预借
| 序号 | 登录号 | 条形码 | 馆藏地/架位号 | 状态 | 备注 |
| 1 | 0010509 | 000624168 | 第二样本阅览室/ [索取号:Q311/3] | 在馆 | |
| 2 | 0439256 | 204392567 | 密集书库/ [索取号:Q311/3] | 在馆 | |
| 3 | 0439257 | 204392576 | 密集书库/ [索取号:Q311/3] | 在馆 |